| 000 | 02956nam a2200505 i 4500 | ||
|---|---|---|---|
| 003 | DO-SdBNP | ||
| 005 | 20240529132238.0 | ||
| 006 | a||||er|||| 00| 0 | ||
| 007 | ta | ||
| 008 | 240201e2012 dr ac||| |||| 00| 0 spa d | ||
| 020 | _a9789945488050 | ||
| 040 |
_aDO-SdBNP _bspa _cBNPHU _erda |
||
| 082 | 4 |
_222 _bC469f |
|
| 245 | 0 | 0 |
_aCharcos de furia: _b(poemas y cuentos) / _cAriel Contreras, Emilio Mancebo, Gretchenh de la Cruz, Gabriel Pichardo, Génesis Peña; Editores, Valentín Amaro y Eulogio Javier; |
| 264 | 1 |
_aSanto Domingo : _bÁngeles de Fierro, _c2012 |
|
| 300 |
_a103 páginas : _bIlustraciones ; _c21 cm. |
||
| 336 |
_2rdacontent _atexto _btxt |
||
| 337 |
_2rdamedia _asin mediación _bn |
||
| 338 |
_2rdacarrier _avolumen _bnc |
||
| 490 | _aTinta de Taller | ||
| 505 |
_aA propósito de "Charcos de furia" del Taller Literario Letra Joven de Unibe. _rAriel Contreras: _tCampanadas de vida y muerte.-- El vientre del caos.-- En un suspiro.-- Hablándole a mi letra.-- y llegar a tí en las noches. _rEmilio Mancebo: _tPoema i.-- El eco silente.-- Mis manos.-- Relato de una pared desvelada.-- Deseo. _rGretchenh de la Cruz. _tHallazgo.-- Brote de olvido.-- Fantasma.-- en el frío. _rGabriel Pichardo: _tHaikus I, II, II. _rGénesis Peña: _tPoema químico.-- _rNadia Alejandra Doñé de los Santos: _tLo que me enamora.-- Inventario. _rWendy Fernández: _tLa luna.-- _gShalyn Kae Eppler: _tSueño intrcambio.-- |
||
| 505 |
_rEsteban Wick: _tI.-- II.-- _rLuis García: _tDe bosque a bosque.-- Mi fiel amiga.-- _rMatilde Kerwin: _tRecuerdos.-- _rLucía Galván: _tEl malecón.-- _rStephania Joseph: _tMuriendo hacia la luna.-- _rLuis Alberto Tejeda: _tTrágica llamada.-- _rValentín Amaro: _tMariposas negras.-- _gInvitados Especiales. _rÁngel Joel Cadena: _tPoema I.-- II.-- _rAlejandro Soto: _tQuedaría en tu conciencia eternamente.-- _rLaura Massiel Méndez: _tEscapatoria inapelable. |
||
| 590 | _aInventariado 2024 / MF | ||
| 650 | 4 |
_aLiteratura dominicana _vAntología _983074 |
|
| 650 |
_aLiteratura dominicana _vPoesía _981340 |
||
| 650 | 0 |
_aPoesía dominicana _vAntología _978060 |
|
| 700 | 1 |
_aContreras, Ariel, _eautor _984837 |
|
| 700 | 1 |
_aMancebo, Emilio, _eautor _984838 |
|
| 700 | 1 |
_aCruz., Gretchenh de la _eautor _984839 |
|
| 700 | 1 |
_aPichardo, Gabriel _eautor _984840 |
|
| 700 | 1 |
_aPiña, Génesis, _eautora _984841 |
|
| 700 | 1 |
_aDoñé de los Santos, Nadia Alejandra, _eautora _984842 |
|
| 700 | 1 |
_aFernández, Wendy, _eAutora _984843 |
|
| 700 | 1 |
_aKae Eppler, Shalyn, _eautora _984844 |
|
| 700 | 1 |
_aWick, Esteban, _eautor _984845 |
|
| 700 | 1 |
_aGarcía, Luis, _eautor _981570 |
|
| 700 | 1 |
_aKerwin, Matilde, _eautora _984846 |
|
| 700 | 1 |
_aGalván, Luicía; _eautora _984847 |
|
| 700 | 1 |
_aJoseph, Stephania, _eautora _984848 |
|
| 700 | 1 |
_aTejada, Luis Alberto _eautor _984849 |
|
| 700 |
_aAmaro, Valentín, _912295 _eeditor |
||
| 700 | 1 |
_aJavier, Eulogio, _953440 _eeditor |
|
| 830 |
_nTaller Literario Letra Joven de Unibe _984836 |
||
| 942 |
_2ddc _cLBS1 |
||
| 999 |
_c55770 _d55770 |
||